000 00421nam a22001577a 4500
999 _c524692
_d524692
003 NUST
038 _aMr. Zahoor
082 _a621.3
100 _aKenza Tayyab
_915486
245 _aSampled Data Control of BLDC Motor /
_cKenza Tayyab
260 _aIslamabad :
_bCEME - NUST,
_c2014.
300 _axiv, 63 p. : ill. ;
_c30 cm.
500 _aHardcover.
600 _2Electrical Engineering -MS Thesis
942 _2ddc
_cTHE